Introduction to Cybersecurity/ (Record no. 213869)

MARC details
000 -LEADER
fixed length control field 00634nam a2200205 4500
005 - DATE AND TIME OF LATEST TRANSACTION
control field 20251208122817.0
010 ## - LCCN (DPL NO)
LC control number ENG-147291
020 ## - INTERNATIONAL STANDARD BOOK NUMBER
Terms of availability 750.00
International Standard Book Number 9789393330314
035 ## - SYSTEM CONTROL NUMBER
System control number EN-130823
037 ## - SOURCE OF ACQUISITION
Source of stock number/acquisition DBAD
082 ## - DEWEY DECIMAL CLASSIFICATION NUMBER
Classification number 005.8
Edition number 1
100 ## - MAIN ENTRY--PERSONAL NAME
Personal name Ajay Singh
245 ## - TITLE STATEMENT
Title Introduction to Cybersecurity/
Statement of responsibility, etc Ajay Singh
250 ## - EDITION STATEMENT
Edition statement 1
260 ## - PUBLICATION, DISTRIBUTION, ETC. (IMPRINT)
Place of publication, distribution, etc Hyderabad
Name of publisher, distributor, etc Universities Press (India) Pvt. Ltd.
Date of publication, distribution, etc 2023
270 ## - ADDRESS
Address 3-6-747/A & 3-6-754/1, Himayatnagar
City Hyderabad
Postal code 500029
300 ## - PHYSICAL DESCRIPTION
Extent xiv, 312p.
Dimensions 25cm(pb)
500 ## - GENERAL NOTE
General note Concepts, Principles, Technologies and Practices
942 ## - ADDED ENTRY ELEMENTS (KOHA)
Source of classification or shelving scheme Dewey Decimal Classification
Item type English Books
Classification part 005.8
Call number suffix AJA
Holdings
Withdrawn status Lost status Not for loan Collection code Home library Current library Date acquired Source of acquisition Cost, normal purchase price Full call number Barcode Copy number Cost, replacement price Koha item type
    Not For Loan Non-fiction Bawana Bawana 08/12/2025 Delivery of Books Act Division 750.00 005.8 AJA EN-130823 1 750.00 English Books

© Delhi Public Library
Hit Counter
free hit counter